Ч. 1: Прогнозирование, поиски и оценка; Рациональная методика поисков и геолого-экономической оценки месторождений руд редких и радиоактивных элементов
| Parent link: | Рациональная методика поисков и геолого-экономической оценки месторождений руд редких и радиоактивных элементов: учебное пособие/ В. А. Домаренко; Национальный исследовательский Томский политехнический университет (ТПУ) ; под ред. Л. П. Рихванов. Ч. 1: Прогнозирование, поиски и оценка.— , 2012 |
|---|---|
| Riassunto: | Заглавие с титульного экрана Электронная версия печатной публикации В пособии освещены цель и задачи дисциплины, раскрывается содержание теоретического материала (лекций), приводится перечень вопросов для самопроверки по разделам. Даны рекомендации по использованию литературы. Предназначено для студентов и магистрантов Института природных ресурсов ТПУ. Режим доступа: из корпоративной сети ТПУ |
| Lingua: | russo |
| Pubblicazione: |
2012
|
| Soggetti: | |
| Accesso online: | http://www.lib.tpu.ru/fulltext2/m/2013/m021.pdf |
| Natura: | MixedMaterials Elettronico Libro |
| KOHA link: | https://koha.lib.tpu.ru/cgi-bin/koha/opac-detail.pl?biblionumber=233114 |
MARC
| LEADER | 00000nlm2a2200000 4500 | ||
|---|---|---|---|
| 001 | 233114 | ||
| 005 | 20231101231225.0 | ||
| 035 | |a (RuTPU)RU\TPU\book\254182 | ||
| 035 | |a RU\TPU\book\254172 | ||
| 090 | |a 233114 | ||
| 100 | |a 20130227d2012 m y0rusy50 ca | ||
| 101 | 0 | |a rus | |
| 102 | |a RU | ||
| 105 | |a y j 001zy | ||
| 135 | |a drcn ---uucaa | ||
| 181 | 0 | |a i | |
| 182 | 0 | |a b | |
| 200 | 0 | |a Ч. 1: Прогнозирование, поиски и оценка |b Электронный ресурс | |
| 203 | |a Текст |c электронный | ||
| 210 | |d 2012 | ||
| 230 | |a 1 компьютерный файл (pdf; 4.2 Mb) | ||
| 300 | |a Заглавие с титульного экрана | ||
| 300 | |a Электронная версия печатной публикации | ||
| 330 | |a В пособии освещены цель и задачи дисциплины, раскрывается содержание теоретического материала (лекций), приводится перечень вопросов для самопроверки по разделам. Даны рекомендации по использованию литературы. Предназначено для студентов и магистрантов Института природных ресурсов ТПУ. | ||
| 333 | |a Режим доступа: из корпоративной сети ТПУ | ||
| 337 | |a Adobe Reader | ||
| 452 | 1 | |0 (RuTPU)RU\TPU\book\248661 |y 978-5-4387-0037-1 |t Ч. 1: Прогнозирование, поиски и оценка |d 2012 |p 167 с. | |
| 461 | 1 | |0 (RuTPU)RU\TPU\book\254181 |t Рациональная методика поисков и геолого-экономической оценки месторождений руд редких и радиоактивных элементов |o учебное пособие |f В. А. Домаренко |g Национальный исследовательский Томский политехнический университет (ТПУ) ; под ред. Л. П. Рихванов |v Ч. 1: Прогнозирование, поиски и оценка |d 2012 | |
| 606 | |a Радиоактивные элементы |x Месторождения |2 stltpush |3 (RuTPU)RU\TPU\subj\22441 |9 47199 | ||
| 606 | |a Редкие элементы |x Месторождения |2 stltpush |3 (RuTPU)RU\TPU\subj\24258 |9 48658 | ||
| 610 | 1 | |a электронный ресурс | |
| 610 | 1 | |a труды учёных ТПУ | |
| 610 | 1 | |a учебные пособия | |
| 610 | 1 | |a ландшафтно-климатические условия | |
| 610 | 1 | |a геология | |
| 610 | 1 | |a полезные ископаемые | |
| 610 | 1 | |a минеральные ресурсы | |
| 610 | 1 | |a радиоактивное сырье | |
| 610 | 1 | |a природные условия | |
| 610 | 1 | |a поисковые работы | |
| 610 | 1 | |a прогнозно-поисковые работы | |
| 610 | 1 | |a оценочные работы | |
| 675 | |a 553.493.5(075.8) |v 3 | ||
| 801 | 1 | |a RU |b 63413507 |c 20130227 | |
| 801 | 2 | |a RU |b 63413507 |c 20130511 |g RCR | |
| 856 | 4 | |u http://www.lib.tpu.ru/fulltext2/m/2013/m021.pdf | |
| 942 | |c CF | ||